00551aas a2200121 4500245003900000260008700039300006300126650003200189942000700221952009300228952009300321999001500414 a Islam today = L'Islam aujourd'hui aRabat:bIslamic Educational, Scientific and Cultural Organization (ISESCO), c1987 b1-135 p. in English, 136-264 p. in French,167 p. in Arabic aArab countries- Periodicals cCR 00102ddc4070aMAINbMAINd2024-01-20l0o297 ISLpRAF4795r2024-01-20w2024-01-20yCR 00102ddc4070aMAINbMAINd2024-01-27l0o297 ISLpRAF4916r2024-01-27w2024-01-27yCR c4661d4661